Blockchain Technology: Evaluation, Applications, and Future Directions
Saved in:
| Main Author: | |
|---|---|
| Other Authors: | |
| Format: | Manuscript Book |
| Language: | Slovak English |
| Published: |
2025
|
| Subjects: | |
| Online Access: | http://is.stuba.sk/zp/portal_zp.pl?podrobnosti_zp=102269 |
| Tags: |
No Tags, Be the first to tag this record!
|
MARC
| LEADER | 00000ntm a22000003a 4500 | ||
|---|---|---|---|
| 001 | stuzp102269 | ||
| 003 | SK-STU | ||
| 005 | 20250215210322.7 | ||
| 007 | ta | ||
| 008 | 150427s2015----xo-----f-mn---000-0-slo-d | ||
| 040 | |a STU |b slo | ||
| 041 | 0 | |a eng | |
| 100 | 1 | |a Košťál, Kristián |u 070400 |k Z1 |4 aut |U FIIT Fakulta informatiky a informačných technológií |T FIIT Ústav počítačového inžinierstva a aplikovanej informatiky |X 52559 |U I400 |Y 672 |7 52559 | |
| 242 | 0 | 1 | |a Blockchain technológia: evaluácia, aplikácie a smerovanie do budúcna |y slo |
| 245 | 1 | 0 | |a Blockchain Technology: Evaluation, Applications, and Future Directions |
| 260 | |c 2025 | ||
| 650 | 4 | |a digitálne meny |2 slo | |
| 650 | 4 | |a kryptomeny |2 slo | |
| 650 | 4 | |a interoperabilita |2 slo | |
| 650 | 4 | |a vhodnosť blockchainov |2 slo | |
| 650 | 4 | |a cryptocurrency |2 eng | |
| 650 | 4 | |a Polkadot |2 eng | |
| 650 | 4 | |a digital currency |2 eng | |
| 650 | 4 | |a interoperability |2 eng | |
| 650 | 4 | |a cross-chain |2 eng | |
| 650 | 4 | |a consensus algorithm |2 eng | |
| 650 | 4 | |a suitability |2 eng | |
| 650 | 4 | |a DeFi |2 eng | |
| 650 | 4 | |a dApps |2 eng | |
| 700 | 1 | |a , |4 ths |X null |7 null | |
| 856 | 4 | |u http://is.stuba.sk/zp/portal_zp.pl?podrobnosti_zp=102269 | |